[Escenas de festejos de Pontevedra] (Record no. 85797)

MARC details
000 -LEADER
campo de control de longitud fija 01996nkc a22002897a 4500
001 - NÚMERO DE CONTROL
campo de control 85797
005 - FECHA Y HORA DE LA ÚLTIMA TRANSACCIÓN
campo de control 20260416162150.0
007 - CAMPO FIJO DE DESCRIPCIÓN FÍSICA--INFORMACIÓN GENERAL
campo de control de longitud fija kh boc
008 - DATOS DE LONGITUD FIJA--INFORMACIÓN GENERAL
campo de control de longitud fija 260413s1904 sp ||||| |||| |0| i|spa d
040 ## - FUENTE DE CATALOGACIÓN
Centro catalogador/agencia de origen M-RABA
Lengua de catalogación spa
Centro/agencia transcriptor M-RABA
100 ## - ENTRADA PRINCIPAL--NOMBRE DE PERSONA
Nombre de persona Novás, Lorenzo
Fechas asociadas al nombre (1880-1946)
9 (RLIN) 111664
245 11 - MENCIÓN DEL TÍTULO
Título [Escenas de festejos de Pontevedra]
Mención de responsabilidad, etc. / L. Novás
Medio [Material gráfico]
260 ## - PUBLICACIÓN, DISTRIBUCIÓN, ETC.
Lugar de publicación, distribución, etc. Pontevedra
Nombre del editor, distribuidor, etc. : L. Novas
Fecha de publicación, distribución, etc. , ca. 1904
300 ## - DESCRIPCIÓN FÍSICA
Extensión 4 fotografías
Otras características físicas : aristotipo
Dimensiones , imagen 12 x 17 cm
-- , soporte secundario 20 x 25 cm
500 00 - NOTA GENERAL
Nota general Conjunto de 4 fotografías sobre festejos de la provincia de Pontevedra que representan danzas, desfiles populares y músicos.
500 00 - NOTA GENERAL
Nota general En el soporte, en el ángulo inferior izquierdo, un sello de papel simulando lacre rojo: "L. Novas / S[uces]or de ZAGALA / PONTEVEDRA".
500 00 - NOTA GENERAL
Nota general Títulos de las fotografías tomados de las anotaciones manuscritas a tinta en los soportes secundarios.
505 ## - NOTA DE CONTENIDO CON FORMATO
Nota de contenido con formato Fot-633: "Danza de Espadas de Redondela en un Certamen de Pontevedra". Fot-634: "Danza de espadas de Marín en un certamen de Pontevedra". Fot-635: "Certamen de Mayos, 1904, Pontevedra". Fot-636: "Sr. Manuel Montero (a) Xormian. Que Graba, Pontevedra".
651 #7 - PUNTO DE ACCESO ADICIONAL DE MATERIA--NOMBRE GEOGRÁFICO
Nombre geográfico Pontevedra
Fuente del encabezamiento o término embne
9 (RLIN) 75412
655 #7 - TERMINO DE INDIZACIÓN--GENERO/FORMA
Datos o término principal de género/forma Fotografías.
9 (RLIN) 54128
852 ## - LOCALIZACIÓN
Número de control de estantería Fot-633; Fot-634; Fot-635; Fot-636
856 ## - LOCALIZACIÓN Y ACCESO ELECTRÓNICOS
Identificador Uniforme de Recurso <a href="https://archivoybiblioteca.realacademiabellasartessanfernando.com/cgi-bin/koha/opac-retrieve-file.pl?id=7c39a5452f013a593b999fd264d27715">https://archivoybiblioteca.realacademiabellasartessanfernando.com/cgi-bin/koha/opac-retrieve-file.pl?id=7c39a5452f013a593b999fd264d27715</a>
Texto de enlace Fot-633
856 ## - LOCALIZACIÓN Y ACCESO ELECTRÓNICOS
Identificador Uniforme de Recurso <a href="https://archivoybiblioteca.realacademiabellasartessanfernando.com/cgi-bin/koha/opac-retrieve-file.pl?id=7a76d8373dd419348f94dbc06b0b16f9">https://archivoybiblioteca.realacademiabellasartessanfernando.com/cgi-bin/koha/opac-retrieve-file.pl?id=7a76d8373dd419348f94dbc06b0b16f9</a>
Texto de enlace Fot-634
856 ## - LOCALIZACIÓN Y ACCESO ELECTRÓNICOS
Identificador Uniforme de Recurso <a href="https://archivoybiblioteca.realacademiabellasartessanfernando.com/cgi-bin/koha/opac-retrieve-file.pl?id=f4fbe5cd4661ee8daf36606511b11d3d">https://archivoybiblioteca.realacademiabellasartessanfernando.com/cgi-bin/koha/opac-retrieve-file.pl?id=f4fbe5cd4661ee8daf36606511b11d3d</a>
Texto de enlace Fot-635
856 ## - LOCALIZACIÓN Y ACCESO ELECTRÓNICOS
Identificador Uniforme de Recurso <a href="https://archivoybiblioteca.realacademiabellasartessanfernando.com/cgi-bin/koha/opac-retrieve-file.pl?id=8be111afe8680bc01e8a6ec6ac9c544a">https://archivoybiblioteca.realacademiabellasartessanfernando.com/cgi-bin/koha/opac-retrieve-file.pl?id=8be111afe8680bc01e8a6ec6ac9c544a</a>
Texto de enlace Fot-636
942 ## - ELEMENTOS DE ENTRADA SECUNDARIOS (KOHA)
Tipo de ítem Koha Fotografías
Suprimir en OPAC No
Holdings
Estatus retirado Estado de pérdida Fuente de la clasificación o esquema de estantería Estado de daño No para préstamo Colección Biblioteca de origen Biblioteca actual Ubicación en estantería Fecha de adquisición Total de préstamos Signatura topográfica completa Código de barras Visto por última vez Precio de reemplazo Tipo de ítem Koha
    Clasificación Decimal Dewey     Fotografía Real Academia de la Bellas Artes de San Fernando Real Academia de la Bellas Artes de San Fernando Depósito 2 13/04/2026   Fot-633 1096899 13/04/2026 13/04/2026 Fotografías
    Clasificación Decimal Dewey     Fotografía Real Academia de la Bellas Artes de San Fernando Real Academia de la Bellas Artes de San Fernando Depósito 2 13/04/2026   Fot-634 1096900 13/04/2026 13/04/2026 Fotografías
    Clasificación Decimal Dewey     Fotografía Real Academia de la Bellas Artes de San Fernando Real Academia de la Bellas Artes de San Fernando Depósito 2 13/04/2026   Fot-635 1096901 13/04/2026 13/04/2026 Fotografías
    Clasificación Decimal Dewey     Fotografía Real Academia de la Bellas Artes de San Fernando Real Academia de la Bellas Artes de San Fernando Depósito 2 13/04/2026   Fot-636 1096902 13/04/2026 13/04/2026 Fotografías

Powered by Koha